000 00291 a2200133 4500
000 nam a22 7a 4500
100 _a Sushma, Yadav
110 _a Sushma, Yadav
245 _aLok Prashasan
250 _alatest edition
260 _bOBS
_c2024
264 _bOBS
_c2024
942 _cBK
999 _c394412
_d394412